Cracking creativity: the secrets of creative genius

Saved in:
Bibliografiske detaljer
Hovedforfatter: Michalko, Michael (autor)
Format: Bog
Sprog:engelsk
Udgivet: Berkeley Ten Speed Press 2001
Fag:
Tags: Tilføj Tag
Ingen Tags, Vær først til at tagge denne postø!

MARC

LEADER 00000nam a2200000 a 4500
001 UCI9923
003 CL-VaPUC
008 081218e20010000US |||||||||||||||||eng|d
020 |a 9781580083119 
082 0 4 |a 658.312404  |b MIC  |2 21 
100 |a Michalko, Michael  |e autor  |9 533984 
245 1 0 |a Cracking creativity: the secrets of creative genius 
300 |a 309 p 
942 |c BK 
945 |d 20081218 00:00:00  |a rbrito 
260 |a Berkeley  |b Ten Speed Press  |c 2001 
650 0 |a Creatividad   |9 310816 
650 7 |a CAPACITACION LABORAL  |2 CL-VaPUC  |9 411356 
650 0 |a Recursos humanos   |9 228420 
650 0 |a Inteligencia  |9 267038 
583 |a last modification  |c 20081218 00:00:00  |k Rodrigo Vera 
999 |c 332369  |d 332367 
952 |0 0  |1 0  |4 0  |6 658_312404000000000_MIC_2001  |7 0  |8 A  |9 420003  |a BIBING  |b BIBING  |d 2019-11-22  |i 4507665  |l 1  |o 658.312404 MIC 2001  |p 4507665  |r 2025-01-20  |s 2020-07-27  |w 2019-11-22  |y BK  |k EII